000 00983cpcaa22002657a 4500
001 mm 80002276
003 DLC
005 20260227111659.0
008 800129|||||||||||| eng
010 _amm 80002276
040 _aDLC
_cDLC
_edacs
_dDLC
072 7 _aW
_2lcmd
100 1 _aWhistler, George W.
_q(George Washington),
_d1800-1849.
245 0 0 _aGeorge W. Whistler correspondence,
_f1842 September 9.
300 _a1
_fitem.
506 0 _aOpen to research.
533 _aPositive photocopy and typewritten transcript.
_b[S.l.].
545 0 _aEngineer and army officer. Father of artist James McNeill Whistler.
546 _aCollection material in English.
580 _aForms part of: Miscellaneous Manuscripts collection.
656 7 _aArmy officers.
_2itoamc
656 7 _aEngineers.
_2itoamc
999 _c42502
_d42502